Normal view
MARC view
- Wineries
Entry Topical Term
001 - CONTROL NUMBER
- control field: 120651
003 - CONTROL NUMBER IDENTIFIER
- control field: NUST
005 - DATE AND TIME OF LATEST TRANSACTION
- control field: 20240216112309.0
008 - FIXED-LENGTH DATA ELEMENTS
- fixed length control field: 240216|| aca||aabn | a|a d
040 ## - CATALOGING SOURCE
- Original cataloging agency: NUST
- Transcribing agency: NUST
150 ## - HEADING--TOPICAL TERM
- Topical term or geographic name entry element: Wineries
- Geographic subdivision: Europe
- General subdivision: Design and construction
670 ## - SOURCE DATA FOUND
- Source citation: Work cat.: (NUST): Woschek, Heinz-Gert, author. 120650, Wine + space :, 2015.
